00920ngm a2200277 4500003000400000005001700004007000400021008004100025010002000066024002100086035002000107040001300127082001500140245007600155260002800231300005000259440003300309500014000342538005000482650001900532700002100551700001700572700001700589700002000606700001600626dpl20090318145714.0DVD||||||sp199 xxu|||||c ||| 00| 0 ng d  aDVD-001823-1825 aVENF 0003c49.00 aDVD-001823-1825 aDPLcDPL aDVD / SOME aSome Girls Do! /cThe Rank Organization Presentsh[videorecording] DVD/ bMoserbaer Entertainment a1 videodisc VCD;bsd., col. ;c4 3/4 in.fVCD aMoserbaer Home Entertainment aMoserbaer India Ltd. has obtained the necessary licence/conssent from the owner of the copyright in the wroks for making this DVD Film. aDolby Digital 5.1 -English Subtitles: English aMotion Picture aJohnson, Richard aLavi, Daliah aLoncar, Beba aHoward, Vanessa aRome, Sydne